=LDR 00000nam 2200000 4500 =001 INLIS000000000021375 =005 20130612120236 =008 ***********************************Ind** =035 ##$$0010-061300000021375 =041 ##$$a Ind =082 ##$$a 658.1 =090 ##$$a 658.1, Afi s =100 ##$$a Afiff, Faisal =245 ##$$a Seluk Beluk Organisasi Perusahaaan Modern, Faisal Afiff, R. Paemeleire, L. Uyfterschant =260 ##$$a 1994 $b Bandung =300 ##$$a ix, 203 hlm, Ilus, 24 cm =650 ##$$a Manajemen Organisasi =700 ##$$a Paemeleire, R =850 ##$$a NBPNMAT